01011 2200361 4500001002100000005001500021035002000036007000300056008004100059020002200100040002200122082001200144084001400156090001600170100002300186245005800209250003600267300004400303650002400347850001200371264003200383336002100415337003000436338002300466990002000489990002000509990002000529990002000549990002000569990002000589990002000609990002000629INLIS00000000085361020191209110628 a0010-1219000296ta191209s yoia g d ara d a978-602-52614-2-8 aYOPDYOGbinderda04a413b23 a413 RUS k aR 413 RUS k0 aRusdiantoePenulis00aKamus 3 bahasa :bArab-Inggris-Indonesia /cRusdianto aCetakan pertama, September 2018 a236 halaman :bilustrasi, Foto ;c20 cm 4aKamus banyak bahasa aYOPDYOG aYogyakarta :bKaktus,c2018 2rdacontentateks 2rdamediaatanpa perantara 2rdacarrieravolume a65498-PD/A.2019 a65499-PD/A.2019 a65498-PD/A.2019 a65499-PD/A.2019 a65499-PD/A.2019 a65498-PD/A.2019 a65498-PD/A.2019 a65499-PD/A.2019